[Event "XXXIV Memorial Edoardo Crespi B"]
[Site "Milano ITA"]
[Date "2013.12.08"]
[Round "6"]
[White "Cagnotto, Marco"]
[Black "Spada, Maurizio"]
[WhiteElo "1494"]
[BlackElo "1617"]
[Result "1-0"]
[PlyCount "95"]
[EventDate "2013.12.04"]

1. e4 e5 2. Nf3 Nf6 3. Nxe5 d6 4. Nf3 Nxe4 5. Qe2 Qe7 6. d3 Nf6 7. Qxe7+ Bxe7
8. Be2 O-O 9. O-O Re8 10. Nc3 c6 11. Bg5 Na6 12. a3 Nc7 13. Rfe1 Bg4 14. Nd4
Bxe2 15. Rxe2 Kf8 16. Nf5 Ne6 17. Bxf6 gxf6 18. Nxe7 Rxe7 19. Rae1 Rae8 20. Nd1
Nd4 21. Rxe7 Rxe7 22. Rxe7 Kxe7 23. c3 Ne2+ 24. Kf1 Nf4 25. d4 Ke6 26. g3 Nd5
27. Ke2 h5 28. h4 Kf5 29. Kf3 a5 30. Ne3+ Nxe3 31. fxe3 d5 32. b3 b6 33. a4 b5
34. g4+ hxg4+ 35. Kg3 Kg6 36. Kxg4 f5+ 37. Kf4 f6 38. h5+ Kxh5 39. Kxf5 Kh4 40.
Kxf6 Kg3 41. Ke6 Kf3 42. Kd6 Kxe3 43. Kxc6 b4 44. cxb4 Kxd4 45. bxa5 Ke4 46. a6
d4 47. a7 d3 48. a8=Q 1-0

[Event "XXXIV Memorial Edoardo Crespi B"]
[Site "Milano ITA"]
[Date "2013.12.08"]
[Round "6"]
[White "Carito, Riccardo"]
[Black "Lapitan, Eusebio"]
[WhiteElo "1697"]
[BlackElo "1668"]
[Result "1-0"]
[PlyCount "91"]
[EventDate "2013.12.04"]

1. d4 Nf6 2. c4 d6 3. Nf3 c6 4. Nc3 Qc7 5. e4 e5 6. d5 Na6 7. Be3 Bd7 8. Be2
Ng4 9. Qd2 Be7 10. Bg5 f6 11. Be3 O-O 12. O-O f5 13. exf5 Bxf5 14. Bd3 g6 15.
h3 Nxe3 16. fxe3 Nc5 17. e4 Bd7 18. Rf2 Nxd3 19. Qxd3 Rf4 20. Raf1 Raf8 21. Qe2
Qb6 22. Kh2 a5 23. g3 R4f7 24. Kg2 Qa7 25. Ng1 Rxf2+ 26. Rxf2 Rxf2+ 27. Qxf2
Qxf2+ 28. Kxf2 Bg5 29. g4 Bc1 30. b3 Bb2 31. Nge2 Kf7 32. Na4 Ba3 33. Kg3 Bb4
34. Nac3 Kf6 35. Kh4 g5+ 36. Kg3 Be8 37. Nd1 cxd5 38. cxd5 b5 39. Kf2 a4 40.
Ne3 Bc5 41. Nc1 Ba3 42. Nd3 axb3 43. axb3 h5 44. b4 Ke7 45. Nc2 Bxb4 46. Ndxb4
1-0

[Event "XXXIV Memorial Edoardo Crespi B"]
[Site "Milano ITA"]
[Date "2013.12.08"]
[Round "6"]
[White "Ceraulo, Carlo Alberto"]
[Black "Bertora, Silvano"]
[WhiteElo "1508"]
[BlackElo "1632"]
[Result "1-0"]
[PlyCount "113"]
[EventDate "2013.12.04"]

1. d4 Nf6 2. c4 g6 3. Nc3 e6 4. Bg5 h6 5. Bh4 g5 6. Bg3 d6 7. e4 h5 8. h3 h4 9.
Bh2 Nh5 10. Qd2 Nc6 11. Nf3 Bh6 12. Qd1 Qe7 13. Be2 Nf4 14. Bxf4 gxf4 15. d5
Ne5 16. dxe6 Bxe6 17. Nd5 Nxf3+ 18. Bxf3 Bxd5 19. Qxd5 O-O-O 20. O-O c6 21. Qd3
Bg7 22. Rab1 Rh6 23. Rfe1 Be5 24. b4 Qf6 25. Rec1 Rg6 26. b5 c5 27. Rc2 Kb8 28.
a4 Rdg8 29. Ra2 Qg7 30. Qf1 Bc3 31. Rd1 Ba5 32. Ra3 Bc3 33. a5 Bd4 34. Rad3 f6
35. Kh1 Qf7 36. Bh5 Qxc4 37. Rxd4 Qxf1+ 38. Rxf1 cxd4 39. Bxg6 Rxg6 40. f3 Rg5
41. Rd1 Rxb5 42. a6 Rb6 43. axb7 Kxb7 44. Rxd4 Kc6 45. Ra4 Kb5 46. Rxa7 Kc5 47.
Rh7 Kd4 48. Rxh4 Ke3 49. Rh6 d5 50. exd5 Kf2 51. Kh2 Rd6 52. Rh5 f5 53. Rg5
Rxd5 54. h4 Ke3 55. h5 Kd4 56. h6 Ke5 57. h7 1-0

[Event "XXXIV Memorial Edoardo Crespi B"]
[Site "Milano ITA"]
[Date "2013.12.08"]
[Round "6"]
[White "Cesetti, Egidio"]
[Black "Pandini, Giuseppe"]
[WhiteElo "1606"]
[BlackElo "1733"]
[Result "1-0"]
[PlyCount "85"]
[EventDate "2013.12.04"]

1. Nf3 b6 2. g3 Bb7 3. Bg2 d6 4. d4 e6 5. O-O Nd7 6. c4 Ne7 7. Nc3 h6 8. e4 g6
9. Be3 Bg7 10. Qd2 a6 11. Rad1 g5 12. Ne1 Ng6 13. Nd3 Qe7 14. f4 gxf4 15. Nxf4
Nxf4 16. Bxf4 O-O-O 17. e5 Bxg2 18. Qxg2 dxe5 19. Qa8+ Nb8 20. Bxe5 Bxe5 21.
dxe5 Qc5+ 22. Kh1 Rxd1 23. Nxd1 Qxe5 24. Qf3 f5 25. Nc3 Qd4 26. Qe2 Qd6 27. Re1
Re8 28. b3 Nd7 29. Qf3 Kb8 30. Rd1 Qe7 31. Re1 Qf8 32. Qc6 Qf7 33. Rd1 Ne5 34.
Qg2 Qf6 35. Qd2 h5 36. Re1 Qh8 37. Qd4 Nf7 38. Qe3 Nd6 39. c5 bxc5 40. Qxc5 Nb7
41. Qc6 Qd4 42. Qxe8+ Ka7 43. Qc6 1-0

[Event "XXXIV Memorial Edoardo Crespi B"]
[Site "Milano ITA"]
[Date "2013.12.08"]
[Round "6"]
[White "D'Apa, Massimo"]
[Black "Paletta, Giuseppe"]
[WhiteElo "1724"]
[BlackElo "1705"]
[Result "1/2-1/2"]
[PlyCount "65"]
[EventDate "2013.12.04"]

1. e4 c5 2. c3 d5 3. e5 Nc6 4. d4 c4 5. Be2 Bf5 6. Bg5 h6 7. Bh4 Qc7 8. Bh5 e6
9. Nd2 g6 10. Be2 g5 11. Bg3 Bg6 12. f4 Nge7 13. fxg5 hxg5 14. h4 Nf5 15. Bf2
gxh4 16. Nh3 Ng3 17. Bxg3 hxg3 18. O-O O-O-O 19. Qe1 Bh6 20. Nf4 Bxf4 21. Rxf4
Rh2 22. Qxg3 Rdh8 23. Rff1 Qd8 24. Nf3 R2h5 25. Kf2 Ne7 26. Ke1 Nf5 27. Qf2 Rh1
28. Kd2 R1h6 29. b4 Qf8 30. Rg1 Qg7 31. Rae1 R6h7 32. Kc1 Qh6+ 33. Kb2 1/2-1/2

[Event "XXXIV Memorial Edoardo Crespi B"]
[Site "Milano ITA"]
[Date "2013.12.08"]
[Round "6"]
[White "Del Frate, Walter"]
[Black "Costisanu, Romica"]
[WhiteElo "1539"]
[BlackElo "1483"]
[Result "1/2-1/2"]
[PlyCount "172"]
[EventDate "2013.12.04"]

1. e4 e5 2. Nf3 Nc6 3. Bc4 Nf6 4. d3 h6 5. O-O a6 6. c3 b5 7. Bb3 Be7 8. Nbd2
Bc5 9. Re1 d6 10. Nf1 Bg4 11. Be3 Ba7 12. Bxa7 Rxa7 13. Ng3 g6 14. h3 Be6 15.
Bc2 h5 16. Ng5 h4 17. Nxe6 fxe6 18. Nf1 Rh5 19. Qd2 Nh7 20. Nh2 Nf6 21. Bd1 Rh7
22. Qg5 Qe7 23. Ng4 Rf7 24. Qxh4 Kd7 25. Nxf6+ Rxf6 26. Bg4 Ra8 27. Qg3 Rf4 28.
Qe3 Raf8 29. Rf1 Qh7 30. Rae1 Rh8 31. Qg3 g5 32. f3 Nd8 33. Kf2 c5 34. Ke2 Kc6
35. Kd2 Qc7 36. Qf2 Qa5 37. Ra1 b4 38. Rfc1 Rh7 39. Kd1 Rb7 40. d4 exd4 41.
cxd4 Qb5 42. Bxe6 Nxe6 43. d5+ Kd7 44. dxe6+ Kxe6 45. Qe2 Rc7 46. Qxb5 axb5 47.
Ke2 c4 48. Rc2 Rf8 49. Rd1 Rc5 50. Rcd2 Rd8 51. Rd5 Rxd5 52. Rxd5 Ra8 53. Rxb5
Rxa2 54. Rxb4 c3 55. Kd3 cxb2 56. Kc2 b1=Q+ 57. Kxb1 Rxg2 58. Rb2 Rg3 59. Rf2
Ke5 60. Kc2 Rxh3 61. Kd2 Rh8 62. Ke3 Rh3 63. Rg2 Rh5 64. Rf2 Rh4 65. Rg2 Rh5
66. Rf2 Kf6 67. Rd2 Rh3 68. Rxd6+ Ke7 69. Rg6 Rh5 70. Kf2 Kf7 71. Rd6 Rh4 72.
Rd5 Kg6 73. Rd3 Rf4 74. Kg3 Rf6 75. Re3 Kh5 76. e5 Re6 77. f4 gxf4+ 78. Kxf4
Kg6 79. Kg4 Ra6 80. e6 Ra4+ 81. Kf3 Ra8 82. Kf4 Kf6 83. Re5 Re8 84. Rf5+ Kxe6
85. Re5+ Kd7 86. Rxe8 Kxe8 1/2-1/2

[Event "XXXIV Memorial Edoardo Crespi B"]
[Site "Milano ITA"]
[Date "2013.12.08"]
[Round "6"]
[White "Fantina, Carla"]
[Black "Madaschi, Sergio"]
[WhiteElo "1437"]
[BlackElo "1561"]
[Result "0-1"]
[PlyCount "122"]
[EventDate "2013.12.04"]

1. c4 e5 2. g3 Nc6 3. Nc3 Nf6 4. Bg2 g6 5. e3 d6 6. Nge2 Bg7 7. O-O O-O 8. h3
Rb8 9. d3 Bd7 10. Kh2 h6 11. f4 Nh7 12. Rb1 f5 13. b4 a6 14. a3 Nf6 15. Qc2 Ne7
16. fxe5 dxe5 17. Bb2 Bc6 18. e4 Nh5 19. b5 axb5 20. Nxb5 Qd7 21. a4 b6 22.
Rfd1 Bxb5 23. cxb5 c6 24. Qc4+ Kh8 25. d4 cxb5 26. axb5 Rbc8 27. Qb4 exd4 28.
Bxd4 Bxd4 29. Nxd4 f4 30. g4 Ng7 31. Nc6 Nxc6 32. bxc6 Qxc6 33. Rbc1 Qf6 34.
Rxc8 Rxc8 35. Rd6 Qe5 36. Rd5 Qc3 37. Qxc3 Rxc3 38. Rb5 f3 39. Bf1 Rc2+ 40. Kg1
Rc6 41. Kf2 Ne6 42. Re5 Kg7 43. h4 Kf6 44. Rb5 Nd4 45. Rb4 Ke5 46. Bd3 Rd6 47.
Ke3 Ne6 48. Rb5+ Nc5 49. Bc4 g5 50. hxg5 hxg5 51. Kxf3 Kd4 52. Bd5 Rf6+ 53. Kg3
Nxe4+ 54. Bxe4 Kxe4 55. Rb4+ Kd3 56. Rb5 Rg6 57. Kf3 Kd4 58. Rb4+ Kc5 59. Re4
Kd6 60. Ke3 Re6 61. Rxe6+ Kxe6 0-1

[Event "XXXIV Memorial Edoardo Crespi B"]
[Site "Milano ITA"]
[Date "2013.12.08"]
[Round "6"]
[White "Figini, Vittorio"]
[Black "Lamera, Giuseppe"]
[WhiteElo "1468"]
[BlackElo "1494"]
[Result "0-1"]
[PlyCount "66"]
[EventDate "2013.12.04"]

1. e4 d6 2. Nf3 g6 3. d4 c6 4. Be3 Bg7 5. c3 Nf6 6. Nbd2 O-O 7. Be2 Qc7 8. O-O
b5 9. b4 Nbd7 10. a4 Ba6 11. axb5 Bxb5 12. Bxb5 cxb5 13. Qc2 Ng4 14. g3 Nxe3
15. fxe3 e5 16. d5 Nf6 17. h3 Rfc8 18. Rfc1 Bh6 19. Kf2 Qb6 20. Qd3 Rc7 21. Nb3
Rac8 22. Na5 Rxc3 23. Rxc3 Rxc3 24. Qe2 Rxe3 25. Qf1 Ra3+ 26. Kg2 Rxa1 27. Qxa1
Nxe4 28. Qe1 Nf6 29. Nc6 Nxd5 30. Ncxe5 Ne3+ 31. Kh1 dxe5 32. Qc3 Qb7 33. Kg1
Nc4 0-1

[Event "XXXIV Memorial Edoardo Crespi B"]
[Site "Milano ITA"]
[Date "2013.12.08"]
[Round "6"]
[White "Gorini, Michele"]
[Black "Macri', Vincenzo Roberto"]
[WhiteElo "1486"]
[BlackElo "1561"]
[Result "0-1"]
[PlyCount "75"]
[EventDate "2013.12.04"]

1. Nf3 Nf6 2. d4 Nc6 3. Bg5 Ne4 4. Bf4 e5 5. Nxe5 Nxe5 6. Bxe5 d6 7. Bf4 g5 8.
Qd3 Nxf2 9. Qe3+ Be7 10. Qxf2 gxf4 11. Nd2 Bh4 12. g3 Bg5 13. O-O-O fxg3 14.
Qxg3 Be6 15. Kb1 Qe7 16. Bg2 O-O-O 17. Qf3 c6 18. Qd3 Bg4 19. Bf3 Bxf3 20. Nxf3
Be3 21. h4 h6 22. Qf5+ Kc7 23. Qa5+ Kb8 24. Qb4 Rhg8 25. Ne5 Qc7 26. Nc4 c5 27.
dxc5 dxc5 28. Qb3 Rxd1+ 29. Rxd1 Bf2 30. h5 Qd7 31. c3 Qf5+ 32. Rd3 Qxh5 33. a4
Qxe2 34. Rd7 Qe4+ 35. Ka2 Rg1 36. Rd8+ Kc7 37. Rc8+ Kd7 38. Qxb7+ 0-1

[Event "XXXIV Memorial Edoardo Crespi B"]
[Site "Milano ITA"]
[Date "2013.12.08"]
[Round "6"]
[White "Iacchetti, Giovanni"]
[Black "Mandelli, Giacomo"]
[WhiteElo "1728"]
[BlackElo "1677"]
[Result "0-1"]
[PlyCount "72"]
[EventDate "2013.12.04"]

1. c4 d6 2. Nc3 Nf6 3. g3 g6 4. Bg2 Bg7 5. Nf3 O-O 6. O-O Nbd7 7. b4 a5 8. b5
Nb6 9. Qb3 a4 10. Qb4 Ne4 11. Rb1 Nxc3 12. dxc3 Bf5 13. Ra1 Qc8 14. Be3 Bh3 15.
Rac1 Bxg2 16. Kxg2 Qg4 17. c5 Nc4 18. Bd4 d5 19. Bxg7 Kxg7 20. Rfd1 c6 21. Rd4
Qf5 22. Rf4 Qc8 23. Rd4 e5 24. Rdd1 Ra5 25. bxc6 bxc6 26. Rb1 Rb5 27. Qxa4 Nb2
28. Rxb2 Rxb2 29. Nxe5 Re8 30. Nxc6 Rexe2 31. Qd4+ f6 32. Qxd5 Rxf2+ 33. Kg1
Rg2+ 34. Kf1 Rbf2+ 35. Ke1 Qe8+ 36. Ne5 Qxe5+ 0-1

[Event "XXXIV Memorial Edoardo Crespi B"]
[Site "Milano ITA"]
[Date "2013.12.08"]
[Round "6"]
[White "Izzo, Riccardo"]
[Black "Aloe, Giancarlo"]
[WhiteElo "1601"]
[BlackElo "1711"]
[Result "0-1"]
[PlyCount "78"]
[EventDate "2013.12.04"]

1. d4 d5 2. Bf4 Nf6 3. e3 c6 4. c4 e6 5. Nc3 Nbd7 6. Nf3 g6 7. Be2 dxc4 8. Bxc4
b5 9. Bd3 Bg7 10. O-O O-O 11. Bd6 Re8 12. e4 Bb7 13. e5 Nh5 14. Re1 a6 15. Rc1
Qb6 16. b4 Nf4 17. Ne4 a5 18. Nc5 Nxc5 19. bxc5 Qd8 20. Qd2 Bh6 21. Kh1 Kg7 22.
Rb1 Nxg2 23. Qc2 Nxe1 24. Rxe1 Ba6 25. Rg1 b4 26. Be4 Bb5 27. h4 Rh8 28. h5 a4
29. hxg6 hxg6 30. Kg2 b3 31. axb3 a3 32. Ra1 Qa5 33. Be7 Rhg8 34. Kh1 Qa7 35.
Bd6 Bf4 36. Kg2 Qa6 37. Be7 Ra7 38. Bd6 Rh8 39. Bb8 Rxb8 0-1

[Event "XXXIV Memorial Edoardo Crespi B"]
[Site "Milano ITA"]
[Date "2013.12.08"]
[Round "6"]
[White "Lachat, Martin"]
[Black "Tomarchio, Cono"]
[WhiteElo "1663"]
[BlackElo "1471"]
[Result "1-0"]
[PlyCount "75"]
[EventDate "2013.12.04"]

1. c4 e5 2. Nc3 c6 3. Nf3 d6 4. e4 Nf6 5. Be2 Be7 6. O-O O-O 7. d4 Qc7 8. b3 b6
9. Qc2 Bb7 10. Bb2 Nbd7 11. Rad1 a6 12. Rd2 b5 13. cxb5 axb5 14. Nxb5 Qb8 15.
Nc3 Rd8 16. dxe5 dxe5 17. Rfd1 Qc7 18. Nd5 Nxd5 19. exd5 Nf6 20. Bxe5 Qb6 21.
d6 Bf8 22. Bc4 Nd5 23. Ng5 g6 24. Ne4 Bg7 25. Bxg7 Kxg7 26. Qb2+ Kh6 27. Rd3
Bc8 28. Qd2+ Kg7 29. Bxd5 cxd5 30. Qc3+ Kh6 31. Rxd5 Bb7 32. R1d3 f6 33. Rh3+
Kg7 34. Qxf6+ Kg8 35. Qe6+ Kh8 36. Qf7 h5 37. Rhxh5+ gxh5 38. Rxh5# 1-0

[Event "XXXIV Memorial Edoardo Crespi B"]
[Site "Milano ITA"]
[Date "2013.12.08"]
[Round "6"]
[White "Lamperti, Gianloris"]
[Black "Alidosi, Marco"]
[WhiteElo "1636"]
[BlackElo "1781"]
[Result "0-1"]
[PlyCount "72"]
[EventDate "2013.12.04"]

1. d4 Nf6 2. c4 c5 3. d5 b5 4. cxb5 a6 5. bxa6 Bxa6 6. Nc3 d6 7. Nf3 g6 8. Nd2
Bg7 9. e4 Nbd7 10. Bxa6 Rxa6 11. O-O O-O 12. Nf3 Qb6 13. Qc2 Rfa8 14. Bd2 Qa7
15. a4 Qb7 16. Nb5 Ng4 17. h3 Nge5 18. Nxe5 Nxe5 19. Bc3 g5 20. b3 Rc8 21. f4
gxf4 22. Rxf4 Ng6 23. Rf2 Bh6 24. Kh1 f6 25. Bd2 Bxd2 26. Qxd2 Kh8 27. Qh6 Rg8
28. Qh5 Rg7 29. Qe2 Ne5 30. Rff1 Rg3 31. Rfb1 Ra8 32. a5 Rag8 33. a6 Qd7 34. a7
Nf3 35. a8=Q Rxh3+ 36. gxh3 Qxh3+ 0-1

[Event "XXXIV Memorial Edoardo Crespi B"]
[Site "Milano ITA"]
[Date "2013.12.08"]
[Round "6"]
[White "Manca, Renato"]
[Black "Giovarruscio, Gabriele"]
[WhiteElo "1629"]
[BlackElo "1683"]
[Result "1-0"]
[PlyCount "31"]
[EventDate "2013.12.04"]

1. d4 Nf6 2. Nc3 d5 3. e4 dxe4 4. f3 exf3 5. Nxf3 Bg4 6. Bc4 e6 7. Be3 Bb4 8.
O-O Bxc3 9. bxc3 Nd5 10. Qd2 Bxf3 11. Rxf3 Nxe3 12. Qxe3 O-O 13. Raf1 Nd7 14.
Rxf7 Rxf7 15. Rxf7 Kxf7 16. Qxe6+ 1-0

[Event "XXXIV Memorial Edoardo Crespi B"]
[Site "Milano ITA"]
[Date "2013.12.08"]
[Round "6"]
[White "Mazzoccoli, Simone"]
[Black "Biava, Pierluigi"]
[WhiteElo "1770"]
[BlackElo "1686"]
[Result "1-0"]
[PlyCount "43"]
[EventDate "2013.12.04"]

1. e4 c5 2. Nc3 e6 3. g3 Nc6 4. Bg2 d6 5. Nge2 Nf6 6. d4 cxd4 7. Nxd4 Be7 8.
O-O Qb6 9. Nxc6 bxc6 10. Rb1 Ba6 11. Be3 Qc7 12. Re1 O-O 13. b4 Rab8 14. a4 d5
15. Qd4 Rb7 16. e5 Nd7 17. b5 cxb5 18. axb5 Bc5 19. Qd2 Bxe3 20. Qxe3 Rc8 21.
bxa6 Rxb1 22. Nxb1 1-0

[Event "XXXIV Memorial Edoardo Crespi B"]
[Site "Milano ITA"]
[Date "2013.12.08"]
[Round "6"]
[White "Nordio, Giorgio"]
[Black "Viotti, Alberto"]
[WhiteElo "1666"]
[BlackElo "1609"]
[Result "1-0"]
[PlyCount "37"]
[EventDate "2013.12.04"]

1. c4 c5 2. g3 g6 3. Bg2 Bg7 4. Nc3 Nc6 5. Nf3 d6 6. O-O Nf6 7. d3 O-O 8. a3 a6
9. Rb1 a5 10. Bd2 Bd7 11. Qc2 Na7 12. b4 axb4 13. axb4 b6 14. b5 d5 15. cxd5 c4
16. dxc4 Rc8 17. Qa2 Qc7 18. Rb4 Qd6 19. Ra4 1-0

[Event "XXXIV Memorial Edoardo Crespi B"]
[Site "Milano ITA"]
[Date "2013.12.08"]
[Round "6"]
[White "Pavlidis, Pavlos"]
[Black "Ragoso, Mario"]
[WhiteElo "1459"]
[BlackElo "1645"]
[Result "1-0"]
[PlyCount "73"]
[EventDate "2013.12.04"]

1. e4 e5 2. Nf3 Nc6 3. Bb5 a6 4. Ba4 Nf6 5. d3 d6 6. c3 Be7 7. O-O O-O 8. Re1
b5 9. Bb3 Bb7 10. Nbd2 Na5 11. Bc2 Re8 12. d4 Bf8 13. a4 h6 14. b4 Nc6 15. d5
Na7 16. Nf1 c6 17. dxc6 Bxc6 18. a5 Qc7 19. Ng3 Rac8 20. Be3 Bd7 21. Rc1 Be6
22. Bb6 Qb7 23. Bb3 Bc4 24. Nh4 d5 25. Bxa7 Qxa7 26. exd5 Bxb3 27. Qxb3 Rc4 28.
Nf3 e4 29. Nd4 Rcc8 30. h3 Bxb4 31. Nc6 Rxc6 32. dxc6 Bxa5 33. Qa3 Qc7 34. Nf5
Nd5 35. Red1 Nf6 36. Rd4 b4 37. cxb4 1-0

[Event "XXXIV Memorial Edoardo Crespi B"]
[Site "Milano ITA"]
[Date "2013.12.08"]
[Round "6"]
[White "Poletto, Daniele"]
[Black "Trent, Alan M."]
[WhiteElo "1752"]
[BlackElo "1700"]
[Result "1-0"]
[PlyCount "67"]
[EventDate "2013.12.04"]

1. c4 e5 2. Nc3 Nc6 3. g3 f5 4. Bg2 Nf6 5. d3 Bc5 6. Na4 Bb4+ 7. Bd2 Qe7 8. a3
Bxd2+ 9. Qxd2 Nd4 10. Qc3 O-O 11. e3 Rb8 12. Nf3 Nxf3+ 13. Bxf3 e4 14. Bg2 b6
15. O-O Bb7 16. d4 Qf7 17. Qc1 Ba6 18. b3 d5 19. Nb2 c5 20. Rd1 Rfc8 21. Bf1
cxd4 22. Rxd4 Bb7 23. Qd2 Qh5 24. Qe2 Qh6 25. h3 Ba6 26. Qd1 Rd8 27. cxd5 Bxf1
28. Qxf1 Rxd5 29. Rad1 Rbd8 30. Qc4 b5 31. Qc6 R8d6 32. Qc8+ Rd8 33. Qe6+ Kf8
34. Rxd5 1-0

[Event "XXXIV Memorial Edoardo Crespi B"]
[Site "Milano ITA"]
[Date "2013.12.08"]
[Round "6"]
[White "Pozzi, Luca"]
[Black "Silivri, Volkan Resat"]
[WhiteElo "1738"]
[BlackElo "1650"]
[Result "0-1"]
[PlyCount "40"]
[EventDate "2013.12.04"]

1. e4 d5 2. exd5 Qxd5 3. Nf3 Nf6 4. d4 Bg4 5. Be2 e6 6. O-O Nc6 7. Be3 Rd8 8.
c3 Qd7 9. Nbd2 Be7 10. Bb5 O-O 11. Ne5 Bxd1 12. Nxd7 Rxd7 13. Rfxd1 Nd5 14.
Bxc6 bxc6 15. Ne4 Rfd8 16. Kf1 f5 17. Nd2 f4 18. c4 fxe3 19. cxd5 exd2 20. dxe6
Rxd4 0-1

[Event "XXXIV Memorial Edoardo Crespi B"]
[Site "Milano ITA"]
[Date "2013.12.08"]
[Round "6"]
[White "Primerano, Carlo"]
[Black "Bejo, Armand"]
[WhiteElo "1723"]
[BlackElo "1609"]
[Result "1-0"]
[PlyCount "129"]
[EventDate "2013.12.04"]

1. d4 Nf6 2. c4 e6 3. Nc3 Bb4 4. Qc2 b6 5. a3 Bxc3+ 6. Qxc3 Bb7 7. Bg5 d5 8. f3
dxc4 9. e3 Nbd7 10. Bxc4 O-O 11. Ne2 Rc8 12. O-O c5 13. Ba2 Qe8 14. e4 h6 15.
Bh4 cxd4 16. Qxd4 Ba6 17. Rfe1 Rc2 18. Kf2 Qb8 19. Bg3 Qc8 20. Bb3 Rxe2+ 21.
Rxe2 Bxe2 22. Kxe2 Qa6+ 23. Qc4 b5 24. Qb4 Rc8 25. Bf2 Ne5 26. Rd1 Ne8 27. Ke1
Nc6 28. Qd2 Rd8 29. Qe2 Rxd1+ 30. Qxd1 Qb7 31. Ba2 g6 32. Qd2 Kg7 33. Be3 g5
34. h4 Qc7 35. hxg5 Qg3+ 36. Qf2 Qxf2+ 37. Kxf2 h5 38. f4 a6 39. Kf3 Nd6 40.
Bc5 Nc4 41. Bxc4 bxc4 42. Ke3 Kg6 43. g3 f5 44. gxf6 Kxf6 45. Bd4+ Kg6 46. Bc5
Kf6 47. Kd2 e5 48. f5 Nd4 49. Bb6 Nb5 50. a4 Nd6 51. Bd8+ Kf7 52. Ke3 Ke8 53.
Bf6 Nf7 54. Kf3 Kd7 55. g4 hxg4+ 56. Kxg4 Kd6 57. Kh5 Kc5 58. Be7+ Kd4 59. Kg6
Kxe4 60. f6 c3 61. bxc3 Kd5 62. Kxf7 e4 63. Kg7 e3 64. f7 e2 65. Bh4 1-0

[Event "XXXIV Memorial Edoardo Crespi B"]
[Site "Milano ITA"]
[Date "2013.12.08"]
[Round "6"]
[White "Rigotti, Gianluigi"]
[Black "Calabrese, Maurizio"]
[WhiteElo "1594"]
[BlackElo "1434"]
[Result "1-0"]
[PlyCount "79"]
[EventDate "2013.12.04"]

1. e4 c5 2. g3 Nf6 3. Bg2 d6 4. Ne2 Nbd7 5. c3 e6 6. d4 cxd4 7. cxd4 Be7 8. O-O
Qb6 9. Nbc3 h5 10. Na4 Qc7 11. Bg5 b5 12. Rc1 Qa5 13. Nac3 Bb7 14. d5 b4 15.
Qa4 Qxa4 16. Nxa4 exd5 17. exd5 Bxd5 18. Bxd5 Nxd5 19. Bxe7 Kxe7 20. Nd4 Kf6
21. Rc6 Kg6 22. Rxd6+ N5f6 23. Rd1 h4 24. Nf3 hxg3 25. fxg3 Rh5 26. Rxd7 Nxd7
27. Rxd7 Ra5 28. b3 Rh5 29. Kg2 a5 30. Nb2 Ra6 31. Nc4 Re6 32. Kf2 f6 33. h4
Ra6 34. g4 Rb5 35. h5+ Kh6 36. Nd6 Rab6 37. Nf5+ Kh7 38. Rxg7+ Kh8 39. N3h4
Rxf5+ 40. Nxf5 1-0

[Event "XXXIV Memorial Edoardo Crespi B"]
[Site "Milano ITA"]
[Date "2013.12.08"]
[Round "6"]
[White "Scotti, Luigi"]
[Black "Costanza, Calogero"]
[WhiteElo "1470"]
[BlackElo "1598"]
[Result "1/2-1/2"]
[PlyCount "65"]
[EventDate "2013.12.04"]

1. d4 e6 2. Nf3 b6 3. Nbd2 Bb7 4. e3 d6 5. c4 f5 6. Bd3 Nf6 7. O-O Be7 8. Re1
h6 9. e4 fxe4 10. Nxe4 O-O 11. Nfd2 e5 12. d5 Nbd7 13. b3 Bc8 14. Qc2 Qe8 15.
Be2 Nxe4 16. Nxe4 Nf6 17. Ng3 Bd7 18. Nf5 Qf7 19. Nxe7+ Qxe7 20. Bf3 Rae8 21.
Qg6 Qf7 22. Qxf7+ Rxf7 23. Bb2 Ref8 24. Be2 Bf5 25. f3 Nd7 26. b4 g5 27. g4 Bg6
28. Rf1 Rf4 29. Kg2 a6 30. a3 R8f7 31. h3 e4 32. fxe4 Bxe4+ 33. Kg1 1/2-1/2

[Event "XXXIV Memorial Edoardo Crespi B"]
[Site "Milano ITA"]
[Date "2013.12.08"]
[Round "6"]
[White "Torelli, Mauro"]
[Black "Ricci, Leonardo"]
[WhiteElo "1713"]
[BlackElo "1621"]
[Result "0-1"]
[PlyCount "32"]
[EventDate "2013.12.04"]

1. c4 e5 2. Nc3 Nf6 3. e3 c6 4. a3 d5 5. d4 Bd6 6. Qb3 Bc7 7. cxd5 Nxd5 8. Bc4
exd4 9. Nxd5 cxd5 10. Bxd5 Qe7 11. Bxb7 Ba5+ 12. Kf1 Bxb7 13. Qa4+ Nc6 14. b4
Bb6 15. Nf3 dxe3 16. Bxe3 O-O 0-1

[Event "XXXIV Memorial Edoardo Crespi B"]
[Site "Milano ITA"]
[Date "2013.12.08"]
[Round "6"]
[White "Verderame, Alberto"]
[Black "Borgognoni, Domenico"]
[WhiteElo "1462"]
[BlackElo "1518"]
[Result "0-1"]
[PlyCount "42"]
[EventDate "2013.12.04"]

1. Nf3 d5 2. d4 Nf6 3. b3 e6 4. Bb2 c6 5. e3 Bd6 6. Bd3 Qc7 7. Nbd2 Nbd7 8. c4
b6 9. Qe2 O-O 10. a3 Re8 11. b4 e5 12. e4 exd4 13. Bxd4 Bb7 14. O-O dxe4 15.
Nxe4 Nxe4 16. Bxe4 c5 17. Bxh7+ Kxh7 18. Ng5+ Kg8 19. Qh5 Nf8 20. Bb2 Be5 21.
Bxe5 Rxe5 0-1

[Event "XXXIV Memorial Edoardo Crespi B"]
[Site "Milano ITA"]
[Date "2013.12.08"]
[Round "6"]
[White "Veri', Giustino"]
[Black "Da Campo, Giuseppe"]
[WhiteElo "1708"]
[BlackElo "1628"]
[Result "1/2-1/2"]
[PlyCount "57"]
[EventDate "2013.12.04"]

1. d4 Nf6 2. Nf3 g6 3. g3 Bg7 4. Bg2 O-O 5. O-O d6 6. c3 Re8 7. Re1 Nbd7 8. e4
e6 9. Bg5 h6 10. Bd2 e5 11. dxe5 Nxe5 12. Nxe5 Rxe5 13. Bf4 Re8 14. Bf3 g5 15.
Bc1 Rb8 16. e5 dxe5 17. Qxd8 Rxd8 18. Rxe5 Bg4 19. Bxg4 Nxg4 20. Re1 Re8 21.
Be3 Nxe3 22. Rxe3 Rxe3 23. fxe3 Rd8 24. Na3 Rd2 25. Nc4 Re2 26. a4 a6 27. a5
Bf8 28. Rd1 Bd6 29. Rd2 1/2-1/2

[Event "XXXIV Memorial Edoardo Crespi B"]
[Site "Milano ITA"]
[Date "2013.12.08"]
[Round "7"]
[White "Alidosi, Marco"]
[Black "Nordio, Giorgio"]
[WhiteElo "1781"]
[BlackElo "1666"]
[Result "1/2-1/2"]
[PlyCount "29"]
[EventDate "2013.12.04"]

1. d4 c6 2. c4 d5 3. Nc3 Nf6 4. cxd5 cxd5 5. Bf4 Bf5 6. e3 a6 7. Nf3 e6 8. Ne5
Bd6 9. g4 Bxe5 10. dxe5 Nxg4 11. Rg1 Qh4 12. Bg3 Qe7 13. Bf4 Qh4 14. Bg3 Qe7
15. Bf4 1/2-1/2

[Event "XXXIV Memorial Edoardo Crespi B"]
[Site "Milano ITA"]
[Date "2013.12.08"]
[Round "7"]
[White "Aloe, Giancarlo"]
[Black "Bianchi, Angelo Massimo"]
[WhiteElo "1711"]
[BlackElo "1783"]
[Result "1-0"]
[PlyCount "133"]
[EventDate "2013.12.04"]

1. d4 Nf6 2. Nf3 g6 3. b3 Bg7 4. Bb2 O-O 5. Nbd2 d6 6. g3 c5 7. e3 cxd4 8. exd4
Nc6 9. Bg2 Qc7 10. O-O b6 11. Re1 e6 12. a3 Bb7 13. c4 Ne7 14. Rc1 Nd7 15. Qc2
Rac8 16. Qd3 Qb8 17. a4 Rfe8 18. Ba3 Nf6 19. Bh3 d5 20. Ng5 Rcd8 21. c5 bxc5
22. Bxc5 Nc6 23. b4 Bc8 24. b5 Ne7 25. Bb4 Nf5 26. Ngf3 Nd6 27. Ne5 Bb7 28. Nc6
Bxc6 29. Rxc6 Bf8 30. Rec1 Rc8 31. Qf3 Kg7 32. Qa3 Nde4 33. Bxf8+ Rxf8 34. Nxe4
Nxe4 35. f3 Nd2 36. R1c5 Nc4 37. Qc3 Rxc6 38. Rxc6 Rc8 39. Rxc8 Qxc8 40. Kf2
Nb6 41. Qxc8 Nxc8 42. a5 Kf8 43. Ke3 Ke7 44. Kd3 Kd6 45. Kc3 Ne7 46. f4 Nc8 47.
Kb4 Ne7 48. g4 Kc7 49. Kc5 Nc8 50. f5 g5 51. fxe6 fxe6 52. Bf1 Kd7 53. Bd3 h6
54. b6 axb6+ 55. axb6 Nd6 56. Bb5+ Nxb5 57. Kxb5 Kc8 58. Kc6 e5 59. b7+ Kb8 60.
Kxd5 exd4 61. Kxd4 Kxb7 62. Ke5 Kc6 63. Kf5 Kd5 64. h3 Kd6 65. Kg6 Ke6 66. Kxh6
Kf6 67. Kh5 1-0

[Event "XXXIV Memorial Edoardo Crespi B"]
[Site "Milano ITA"]
[Date "2013.12.08"]
[Round "7"]
[White "Bejo, Armand"]
[Black "Ceraulo, Carlo Alberto"]
[WhiteElo "1609"]
[BlackElo "1508"]
[Result "1-0"]
[PlyCount "79"]
[EventDate "2013.12.04"]

1. e4 c6 2. d4 d5 3. e5 Bf5 4. Bd3 Bxd3 5. Qxd3 e6 6. Ne2 c5 7. Qb5+ Qd7 8. a4
Nc6 9. dxc5 a6 10. Qb6 Nxe5 11. b3 Qc6 12. Be3 Qxb6 13. cxb6 Rc8 14. Ra2 Nf6
15. O-O Bd6 16. h3 O-O 17. Rd1 Rc6 18. a5 Rfc8 19. c3 Nfd7 20. Nd4 Rxc3 21.
Nxc3 Rxc3 22. Rc1 Rxc1+ 23. Bxc1 Nc5 24. Ba3 Ned7 25. g3 g6 26. Kg2 Be5 27. Nf3
Bc3 28. Bb2 Bb4 29. Nd4 e5 30. Nc2 Bd2 31. b4 Nd3 32. Ba3 d4 33. Nxd4 Bxb4 34.
Bxb4 Nxb4 35. Ra4 Nd3 36. Nb3 f5 37. Rc4 e4 38. Rc7 N7e5 39. Rxb7 Kf8 40. Rc7
1-0